Places To Study
There are group study rooms, individual study carrels, computer labs, and other spaces to study in the Libraries.
Reserve A Group Room| 000 -LEADER | |
|---|---|
| fixed length control field | 01051nam a22002417a 4500 |
| 003 - CONTROL NUMBER IDENTIFIER | |
| control field | OSt |
| 005 - DATE AND TIME OF LATEST TRANSACTION | |
| control field | 20251222092120.0 |
| 008 - FIXED-LENGTH DATA ELEMENTS--GENERAL INFORMATION | |
| fixed length control field | 251220b |||||||| |||| 00| 0 eng d |
| 020 ## - INTERNATIONAL STANDARD BOOK NUMBER | |
| International Standard Book Number | 9780521852111 |
| 020 ## - INTERNATIONAL STANDARD BOOK NUMBER | |
| International Standard Book Number | 9780521617581 |
| 040 ## - CATALOGING SOURCE | |
| Transcribing agency | DCL |
| 041 ## - LANGUAGE CODE | |
| Language code of text/sound track or separate title | English |
| 082 ## - DEWEY DECIMAL CLASSIFICATION NUMBER | |
| Classification number | 959.105 |
| 100 1# - MAIN ENTRY--PERSONAL NAME | |
| Personal name | Charney, Michael W |
| 245 10 - TITLE STATEMENT | |
| Title | A history of modern Burma / |
| Statement of responsibility, etc. | Michael W. Charney. |
| 260 ## - PUBLICATION, DISTRIBUTION, ETC. | |
| Place of publication, distribution, etc. | Cambridge, UK ; New York : |
| Name of publisher, distributor, etc. | Cambridge University Press, |
| Date of publication, distribution, etc. | 2009. |
| 300 ## - PHYSICAL DESCRIPTION | |
| Extent | xiii, 241 pages : |
| Other physical details | illustrations, maps ; |
| Dimensions | 22 cm. |
| 502 ## - DISSERTATION NOTE | |
| Dissertation note | Burma under colonial rule -- The colonial centre -- Self-government without independence, 1937-1947 -- The democratic experiment, 1948-1958<br/>-- Dress rehearsals, 1958-1962 -- The revolutionary council -- The BSPP years -- Toward democracy, 1988-1990 -- Perpetual delay, 1990 to the<br/>present |
| 504 ## - BIBLIOGRAPHY, ETC. NOTE | |
| Bibliography, etc. note | Includes bibliographical references (p. 230-233) and index |
| 651 ## - SUBJECT ADDED ENTRY--GEOGRAPHIC NAME | |
| Geographic name | Myanmar |
| General subdivision | Politics and government |
| Chronological subdivision | 1948- |
| 651 ## - SUBJECT ADDED ENTRY--GEOGRAPHIC NAME | |
| Geographic name | Myanmar |
| Form subdivision | History |
| Chronological subdivision | 1948- |
| 942 ## - ADDED ENTRY ELEMENTS (KOHA) | |
| Source of classification or shelving scheme | Dewey Decimal Classification |
| Koha item type | Short Term |
| Suppress in OPAC | No |
| Withdrawn status | Lost status | Source of classification or shelving scheme | Damaged status | Not for loan | Collection | Accession No. | Home library | Current library | Shelving location | Date acquired | Total checkouts | Full call number | Barcode | Date last seen | Price effective from | Koha item type |
|---|---|---|---|---|---|---|---|---|---|---|---|---|---|---|---|---|
| Dewey Decimal Classification | English Collection | 661 | Dhammadhara | Dhammadhara | English Shelves | 20/12/2025 | 959.105 Ch 661 (2) | EB00000661 | 20/12/2025 | 20/12/2025 | Short Term | |||||
| Dewey Decimal Classification | English Collection | 660 | Dhammadhara | Dhammadhara | English Shelves | 20/12/2025 | 959.105 Ch 660 (1) | EB00000660 | 22/12/2025 | 20/12/2025 | Short Term |